000 00632nam a2200205Ia 4500
005 20250508164558.0
008 008 250505s9999 xx 000 0 eng d
037 _aTextual
040 _aFEDL
_beng
_cFEDL
041 _aeng
_2eng
084 _a379.5, UNE
_qFEDL
245 0 _aNational studies: India
245 0 _cU N E S C O
260 _aBangkok, Thailand
_bUNESCO Regional Office for Education in Asia and the Pacific
_c1991
300 _a70p.
365 _aINR
_b94
546 _aMACESE book; APPEAL. Asia-Pacific Programme of Education for All
942 _cTEXL
_h379.5, UNE
999 _c1389913
_d1389913